书目信息 |
| 题名: |
液态乳制品科学与技术
|
|
| 作者: | 谢继志 | |
| 分册: | ||
| 出版信息: | 北京 中国轻工业出版社 1999 |
|
| 页数: | 520 | |
| 开本: | 20cm | |
| 丛书名: | ||
| 单 册: | ||
| 中图分类: | TS252.42 | |
| 科图分类: | ||
| 主题词: | 食品工业 | |
| 电子资源: | ||
| ISBN: | 7-5019-2577-1 | |
| 000 | 00523nam0 2200181 450 | |
| 001 | 0741144344 | |
| 005 | 20070817112544.34 | |
| 010 | @a7-5019-2577-1@b精装@d¥45.00 | |
| 100 | @a20070817d km y0chiy0120 ea | |
| 101 | 0 | @achi |
| 200 | 1 | @a液态乳制品科学与技术@Aye tai ru zhi pin ke xue yu ji shu@f谢继志@Fxie ji zhi |
| 210 | @a北京@c中国轻工业出版社@d1999 | |
| 215 | @a520@d20cm | |
| 606 | 0 | @a食品工业 |
| 690 | @aTS252.42@v3 | |
| 701 | 0 | @a谢继志@Axie ji zhi |
| 801 | 0 | @aCN@bPFT@c20070817 |
| 905 | @a213230@dTS252.42@en1@f1 | |
| 液态乳制品科学与技术/谢继志.-北京:中国轻工业出版社,1999 |
| 520;20cm |
| ISBN 7-5019-2577-1(精装):¥45.00 |
| ● |
| 相关链接 |
|
|
|
|
正题名:液态乳制品科学与技术
索取号:TS252.42/n1
 
预约/预借
| 序号 | 登录号 | 条形码 | 馆藏地/架位号 | 状态 | 备注 |
| 1 | 6600764 | 266007643 | 生命科学系资料室/ [索取号:TS252.42/n1] | 在馆 |